00652nam a2200205 450000500170000001000150001702000270003203500140005903700090007308200150008210000200009724500800011725000060019726000520020327000780025530000200033370000310035370000370038470000250042120250708145829.0 aENG-145813 a9789364443685c1075.00 aEN-129345 bDBAD a658.40429 aLarson, Erik W. aProject Management:b A Socio-Technical Approach/cErik W Larson....[et.al] a9 aTamil NadubMcgraw Hill Education Pvt Ltdc2025 aAnjana Complex No: 5/90 A, Butt Road, St Thomas MountbTamil Nadue600016 a754p.c25cm(pb) aGrey, Clifford F. eAuthor aSirisomboonsuk, PinyarateAuthor aJoshi, RohiteAuthor